| 000 | 00869namaa2200289 a 4500 | ||
|---|---|---|---|
| 001 | vtls000979312 | ||
| 003 | NLI | ||
| 005 | 20210627100427.0 | ||
| 008 | 120209m1964uuuuxx i0|0 0 eng | ||
| 039 | 9 |
_y201202091917 _zVLOAD |
|
| 040 |
_aNLI _cVTLS-2010_FOD _eAACR2 |
||
| 041 | 0 | _aeng | |
| 044 | _axx | ||
| 082 | 0 | 4 | _a338.1061 |
| 110 | 2 |
_aUnited Nations. _bFood and agricultural organisation _9920314 |
|
| 245 | 1 | 0 |
_aEuropean commission on control of food and month disease : _f1964- |
| 260 |
_an.l : _bUnited Nations, _c1964 |
||
| 300 |
_a1 v. ; _c27 cm. |
||
| 650 | 0 |
_aStatistical data _9913997 |
|
| 650 | 0 |
_aInternational Trade _xagriculture _9920315 |
|
| 887 | _a 1(UN) | ||
| 901 |
_aUN5414 _b24.04.1965 _9V.1 |
||
| 902 | _aU.N 338.1061 C 832 a | ||
| 905 | _a1(UN) | ||
| 949 |
_AVIRTUAITEM _D10000 _X100 _6UNX000005414ENG |
||
| 942 |
_2ddc _cBKS |
||
| 999 |
_aVIRTUA40 _c802429 _d802429 |
||